| 000 | 00462ntaaa2200181 4500 | ||
|---|---|---|---|
| 003 | 01 | ||
| 005 | 20251027202955.0 | ||
| 008 | 0714s1973 ag 01 | ||
| 040 |
_aAR-BaBN _bspa _cAR-BaBN _eaacr _dRIC |
||
| 082 | _a981.0500 B41 | ||
| 100 |
_aBello, José María _930661 |
||
| 245 | _aA history of modern Brazil 1889-1964 | ||
| 250 | _a1 ed. | ||
| 260 |
_aStanford : _bStanford University Press, _cc1966 |
||
| 300 | _axix, 362 p | ||
| 650 | _aBrasil | ||
| 942 | _cBK | ||
| 999 |
_c25126 _d25126 |
||